00679nam a22002177a 450000500170000001000130001702000230003003500130005303700160006604000120008208200160009410000250011024500880013526000460022327000470026930000250031650000510034165000190039265000320041170000180044320170124110212.0 aB-106299 c295.00a2720320840 aB-106299 bCen Lib/Ret aDPLbEN a629.04bCHA aChakroborty, Partha  aPrinciples of transportation engineering /cby Pratha Chakroborty [and] Animesh Das aNew Delhi bPrentice hall of India c2003 aM-97, Connaught circus bNew Delhie110001 axvi,520p.c23cm(pbk) aIncludes bibliographical references and index  aTransportation aTransportation engineering  aDas, Animesh